Applied logistic regression
Αποθηκεύτηκε σε:
| Κύριος συγγραφέας: | |
|---|---|
| Άλλοι συγγραφείς: | |
| Μορφή: | Βιβλίο |
| Γλώσσα: | English |
| Δημοσίευση: |
New York :
Wiley,
c2000
|
| Έκδοση: | 2nd ed. |
| Σειρά: | Wiley series in probability and statistics. Texts and references section
|
| Θέματα: | |
| Ετικέτες: |
Προσθήκη ετικέτας
Δεν υπάρχουν, Καταχωρήστε ετικέτα πρώτοι!
|
MARC
| LEADER | 00000nam a2200000 i 4500 | ||
|---|---|---|---|
| 001 | 1/52864 | ||
| 008 | 001129s2000 eng d | ||
| 020 | |a 0-471-35632-8 | ||
| 035 | |l 10072999 | ||
| 040 | |a GR-MY-UA |b gre |e aacr | ||
| 041 | 0 | |a eng | |
| 082 | 0 | |a 519.536 | |
| 100 | 1 | |a Hosmer, David W. | |
| 245 | 1 | 0 | |a Applied logistic regression / |c David W. Hosmer, Stanley Lemeshow |
| 250 | |a 2nd ed. | ||
| 260 | |a New York : |b Wiley, |c c2000 | ||
| 300 | |a xii, 373 σ.; |c 24 εκ. | ||
| 490 | 1 | |a Wiley series in probability and statistics. Texts and references section | |
| 504 | |a Περιέχει βιβλιογραφία και ευρετήριο | ||
| 650 | 0 | 0 | |a Regression analysis. |
| 700 | 1 | |a Lemeshow, Stanley. | |
| 830 | 0 | |a Wiley series in probability and statistics. Texts and references section | |
| 852 | |a INST |b CHIOS |e 20001129 |h 519.536 HOS |p 005200017022 |q 005200017022 |t BK |y 0 | ||
| 852 | |a INST |b CHIOS |e 20040329 |h 519.536 HOS |p 005200022793 |q 005200022793 |t BK |y 0 | ||
| 852 | |a INST |b SAMOS |e 20041013 |h 519.536 HOS |p 005300023012 |q 005300023012 |t BK |y 0 | ||
| 901 | |a BIBL3-2004-3 | ||
| 901 | |a BIBL2-2001-1 | ||
| 909 | |a Σ |b 107637 | ||
| 909 | |a Χ |b 082427 | ||
| 920 | |a ΔΙΕΥΡΥΝΣΗ |b ΕΠΕΑΕΚ-ΤΣΑΕ |y ΣΑΜΟΣ |z 2004-10 | ||
| 922 | |a 2ΕΛΗ |b 200010 |c ΤΜΟΔ |d ΜΙΧΑΛΟΠΟΥΛΟΣ | ||
| 950 | |a 112-2003-09-05 | ||
| 950 | |a 186-2000-09-14 | ||
| 970 | |a ΣΑΛΑΜΟΥΡΑ |b ΜΑΡΙΑ |z 2001/01/17 | ||